WEIRD BUT TRUE (FILL IN THE BLANK) - Statistics

General Stats
  • This quiz has been taken 115 times
    108 since last reset
  • The average score is 4 of 15
Answer Stats
Hint Answer % Correct
Clams can live to be more than _ years old. 100
81%
A mountain climber carried the Olympic torch to the top of Mount _. Everest
78%
It's considered rude to write in _ ink in Portugal. Red
69%
The number _ is considered unlucky in China. 4
60%
Tornadoes usually spin in opposite directions above and below the _. Equator
45%
A highway runs through the middle of an office building in _, Japan. Osaka
28%
Nighttime rainbows are common at _ national park in California, U.S.A. Yosemite
24%
_ are distant relatives of spiders. Crabs
13%
The worlds most stolen food is _. Cheese
12%
Every day is about 55 _ of a second longer than the day before it. Billionths
10%
U.S. dollars are made of cotton and _, not paper. Linen
10%
Canada's postal code for the north pole is __. HOH OHO
9%
Astronauts can't _ on the moon. Whistle
3%
The first person arrested for speeding in the United States was driving 12 miles an hour in _. 1899
1%
It took _ lego bricks to create an 18-foot-tall replica of the world's tallest building. 450,300
1%
No matching quizzes found
Score Distribution
Percent of People with Each Score
Percentile by Number Answered
Your Score History
You have not taken this quiz since the last reset